| 000 | 00704nam a2200193 i 4500 | ||
|---|---|---|---|
| 001 | 149341 | ||
| 003 | ES-MaACL | ||
| 005 | 20230906203045.0 | ||
| 007 | t| | ||
| 008 | 071019s1982 sp |||| | spa d | ||
| 100 | 1 |
_aVaquerizo Gil, Manuel. _9113092 |
|
| 245 | 1 | 0 |
_aColección diplomática del Archivo Municipal de Santander _b: documentos reales (1525-1599) / _cManuel Vaquerizo, Rogelio Pérez Bustamante. |
| 260 |
_aSantander : _bAyuntamiento, _c1982. |
||
| 300 |
_a300 p. ; _c24 cm. |
||
| 651 | 4 |
_aCantabria (Comunidad Autónoma)- _xHistoria- _yS.XVI- _vFuentes. _9169864 |
|
| 700 | 1 |
_aPérez-Bustamante, Rogelio. _990685 |
|
| 710 | 1 |
_aSantander. _bAyuntamiento. _96498 |
|
| 852 |
_aES-MaACL _jL-4092 |
||
| 999 |
_c149341 _d149341 |
||